000 00416nam a2200145Ia 4500
001 4340
008 241024s9999 xx 000 0 und d
082 _aRD/004.7/R426p
100 _aRepública Dominicana. Ministerio de Educación.
245 0 _aPortafolio de proyectos del Departamento de Informática Educativa
260 _bSanto Domingo
_c2013
590 _asi
901 _a1/9/2016 2:40:44 p.m.
999 _c9987
_d9987